Countries With The Most Vehicles - Statistics

General Stats
  • This quiz has been taken 20 times
  • The average score is 13 of 15
Answer Stats
Answer % Correct
China
100%
Japan
100%
Mexico
100%
Russia
100%
Brazil
94%
France
94%
Germany
94%
India
94%
Italy
94%
USA
94%
UK
88%
Spain
76%
Pakistan
65%
Thailand
59%
Turkey
59%
No matching quizzes found
Score Distribution
Percent of People with Each Score
Percentile by Number Answered
Your Score History
You have not taken this quiz